| 000 -LEADER |
| fixed length control field |
02332nam a2200289 a 4500 |
| 003 - CONTROL NUMBER IDENTIFIER |
| control field |
AR-BaISA |
| 005 - DATE AND TIME OF LATEST TRANSACTION |
| control field |
20221005091818.0 |
| 007 - PHYSICAL DESCRIPTION FIXED FIELD--GENERAL INFORMATION |
| fixed length control field |
ta |
| 008 - FIXED-LENGTH DATA ELEMENTS--GENERAL INFORMATION |
| fixed length control field |
131025s2013 sp ado | |||| 000 0 spa d |
| 020 ## - INTERNATIONAL STANDARD BOOK NUMBER |
| International Standard Book Number |
9788490225097 |
| 040 ## - CATALOGING SOURCE |
| Transcribing agency |
AR-BaISA |
| 082 04 - DEWEY DECIMAL CLASSIFICATION NUMBER |
| Edition number |
22 |
| Classification number |
616.33 F248 |
| 245 00 - TITLE STATEMENT |
| Title |
Medicina interna: |
| Name of part/section of a work |
enfermedades del aparato digestivo. Gastroenterología y hepatología |
| 250 ## - EDITION STATEMENT |
| Edition statement |
17ª ed. |
| 260 ## - PUBLICATION, DISTRIBUTION, ETC. |
| Place of publication, distribution, etc. |
Barcelona: |
| Name of publisher, distributor, etc. |
Elsevier, |
| Date of publication, distribution, etc. |
2013 |
| 300 ## - PHYSICAL DESCRIPTION |
| Extent |
IX, 294 p.: |
| Other physical details |
il. graf., fot. |
| Dimensions |
28 cm. |
| 336 ## - CONTENT TYPE |
| Content type term |
Texto (visual) |
| Source |
isbdcontent |
| 337 ## - MEDIA TYPE |
| Media type term |
sin mediación |
| Source |
isbdmedia |
| 504 ## - BIBLIOGRAPHY, ETC. NOTE |
| Bibliography, etc. note |
Bibliografía al final de cada capítulo |
| 505 ## - FORMATTED CONTENTS NOTE |
| Title |
GASTROENTEROLOGÍA: |
| -- |
Enfermedades de la boca -- |
| -- |
Enfermedades de las glándulas salivales -- |
| -- |
Enfermedades del esófago -- |
| -- |
Enfermedades del estómago y del duodeno -- |
| -- |
Enfermedades del intestino delgado y del colón: generalidades -- |
| -- |
Abdomen agudo -- |
| -- |
Trastornos de la motilidad intestinal -- |
| -- |
Síndrome diarreico -- |
| -- |
Malabsorción intestinal -- |
| -- |
Enfermedad inflamatoria del intestino -- |
| -- |
Gastroenteritis infecciosas -- |
| -- |
Tumores del intestino -- |
| -- |
Otras enfermedades intestinales -- |
| -- |
Enfermedades del recto y del ano -- |
| -- |
Enfermedades del páncreas -- |
| -- |
Hemorragia gastrointestinal -- |
| -- |
Enfermedades del peritoneo del mesenterio y del epiplón -- |
| -- |
HEPATOLOGÍA: |
| -- |
Generalidades -- |
| -- |
Ictericias y enfermedades de las vías biliares -- |
| -- |
Hipertensión portal y enfermedades vasculares del hígado -- |
| -- |
Ascitis -- |
| -- |
Insuficiencia hepática aguda grave -- |
| -- |
Encefalopatía hepática -- |
| -- |
Hepatitis vírica aguda -- |
| -- |
Hepatitis vírica crónica -- |
| -- |
Hepatopatías por tóxicos y medicamentos -- |
| -- |
Cirrosis hepática -- |
| -- |
Hepatopatías autoinmunes y colestasis crónicas -- |
| -- |
Hepatopatías alcohólicas -- |
| -- |
Esteatosis y esteatohepatitis no alcohólica -- |
| -- |
Enfermedades metabólicas del hígado -- |
| -- |
Hígado y enfermedades sistémicas -- |
| -- |
Enfermedades infecciosas que afectan al hígado -- |
| -- |
Tumores del hígado -- |
| -- |
Hígado y embarazo -- |
| -- |
Trasplante hepático |
| 650 14 - SUBJECT ADDED ENTRY--TOPICAL TERM |
| Topical term or geographic name entry element |
Sistema digestivo |
| General subdivision |
enfermedades asociadas |
| 9 (RLIN) |
53 |
| 700 1# - ADDED ENTRY--PERSONAL NAME |
| Personal name |
Domarus, Alexander von |
| Dates associated with a name |
1881-1945 |
| 9 (RLIN) |
869 |
| Relator term |
aut. |
| 700 1# - ADDED ENTRY--PERSONAL NAME |
| Personal name |
Rozman, Ciril |
| Dates associated with a name |
1929- |
| Relator term |
aut. |
| 9 (RLIN) |
870 |
| 700 1# - ADDED ENTRY--PERSONAL NAME |
| Personal name |
Cardellach López, F. |
| Dates associated with a name |
1951 |
| 9 (RLIN) |
871 |
| Relator term |
aut. |
| 700 1# - ADDED ENTRY--PERSONAL NAME |
| Personal name |
Farreras Valentí, Pedro |
| Dates associated with a name |
1916-1968 |
| 9 (RLIN) |
872 |
| Relator term |
aut. |
| 942 ## - ADDED ENTRY ELEMENTS (KOHA) |
| Source of classification or shelving scheme |
|
| Koha item type |
Libros |